Physics
Uloženo v:
| Hlavní autoři: | , |
|---|---|
| Médium: | Kniha |
| Jazyk: | angličtina |
| Vydáno: |
Nueva York
John Wiley
1995
|
| Vydání: | 3a. ed |
| Témata: | |
| Tagy: |
Přidat tag
Žádné tagy, Buďte první, kdo vytvoří štítek k tomuto záznamu!
|
MARC
| LEADER | 00000nam a2200000 a 4500 | ||
|---|---|---|---|
| 001 | UCY4310 | ||
| 003 | CL-VaPUC | ||
| 008 | 950309e19950000US |||||||||||||||||eng|d | ||
| 082 | 0 | 4 | |a 530 |b CUT |2 21 |
| 100 | 0 | |a Cutnell, John D |e author |9 332721 | |
| 700 | |a Johnson, Kenneth W |e author |9 602409 | ||
| 245 | 1 | 0 | |a Physics |
| 250 | |a 3a. ed | ||
| 300 | |a 1073 p | ||
| 942 | |c BK | ||
| 945 | |d 19950309 00:00:00 |a mfernand | ||
| 260 | |a Nueva York |b John Wiley |c 1995 | ||
| 650 | 0 | |a Física |9 227844 | |
| 583 | |a last modification |c 19950309 00:00:00 |k Rodrigo Vera | ||
| 999 | |c 232201 |d 232199 | ||
| 952 | |0 0 |1 0 |4 0 |6 530_000000000000000_CUT_1995 |7 0 |8 A |9 236295 |a BIBCUR |b BIBCUR |d 2019-11-15 |i 3063496 |o 530 CUT 1995 |p 3063496 |r 2025-04-22 |w 2019-11-15 |y BK |k FIS | ||